Diccionario del pensamiento conservador y liberal (Record no. 10162)

MARC details
000 -LEADER
campo de control de longitud fija 00878nmc a2200289 a 4500
003 - IDENTIFICADOR DE NÚMERO DE CONTROL
campo de control AR-BaBNM
005 - FECHA Y HORA DE LA ÚLTIMA TRANSACCIÓN
campo de control 20251128205136.0
008 - DATOS DE LONGITUD FIJA--INFORMACIÓN GENERAL
campo de control de longitud fija 011101s1992 ||||||||||||||000 | spa||
020 ## - NÚMERO INTERNACIONAL ESTÁNDAR DEL LIBRO
Número Internacional Estándar del Libro 950-602-266-6
040 ## - FUENTE DE CATALOGACIÓN
Centro/agencia transcriptor AR-BaBNM
245 10 - MENCIÓN DEL TÍTULO
Título Diccionario del pensamiento conservador y liberal
260 ## - PUBLICACIÓN, DISTRIBUCIÓN, ETC.
Lugar de publicación, distribución, etc. Buenos Aires
Nombre del editor, distribuidor, etc. Nueva Visión
Fecha de publicación, distribución, etc. 1992
300 ## - DESCRIPCIÓN FÍSICA
Extensión 345 p.
490 #0 - MENCIÓN DE SERIE
Mención de serie Obras de referencia
500 ## - NOTA GENERAL
Nota general Especialmente referido al pensamiento político inglés y a la interpretación que da éste de los hechos políticos
650 #4 - PUNTO DE ACCESO ADICIONAL DE MATERIA--TÉRMINO DE MATERIA
Término de materia o nombre geográfico como elemento de entrada CIENCIAS POLITICAS
650 #4 - PUNTO DE ACCESO ADICIONAL DE MATERIA--TÉRMINO DE MATERIA
Término de materia o nombre geográfico como elemento de entrada LIBERALISMO
650 #4 - PUNTO DE ACCESO ADICIONAL DE MATERIA--TÉRMINO DE MATERIA
Término de materia o nombre geográfico como elemento de entrada CONSERVADURISMO
650 #4 - PUNTO DE ACCESO ADICIONAL DE MATERIA--TÉRMINO DE MATERIA
Término de materia o nombre geográfico como elemento de entrada DICCIONARIOS
650 #4 - PUNTO DE ACCESO ADICIONAL DE MATERIA--TÉRMINO DE MATERIA
Término de materia o nombre geográfico como elemento de entrada MATERIAL DE REFERENCIA
655 ## - TERMINO DE INDIZACIÓN--GENERO/FORMA
Datos o término principal de género/forma REFERENCIA
700 1# - ENTRADA AGREGADA--NOMBRE PERSONAL
Nombre de persona Ashford, Nigel
Término indicativo de función/relación director
700 1# - ENTRADA AGREGADA--NOMBRE PERSONAL
Nombre de persona Davies, Stephen
Término indicativo de función/relación director
700 1# - ENTRADA AGREGADA--NOMBRE PERSONAL
Nombre de persona Pons, Horacio
Término indicativo de función/relación traductor
942 ## - ELEMENTOS DE ENTRADA SECUNDARIOS (KOHA)
Tipo de ítem Koha Libros
998 ## - INFORMACIÓN DE CONTROL LOCAL (RLIN)
Iniciales del catalogador, CIN (RLIN) Enrique
Holdings
Estatus retirado Estado de pérdida Fuente de la clasificación o esquema de estantería Estado de daño No para préstamo Biblioteca de origen Biblioteca actual Ubicación en estantería Fecha de adquisición Total de préstamos Signatura topográfica completa Código de barras Visto por última vez Precio de reemplazo Tipo de ítem Koha Restricciones de uso
    Clasificación Decimal Dewey     Liberty Liberty   28/11/2025   32 ASH 103299 28/11/2025 28/11/2025 Libros  
    Clasificación Decimal Dewey     Liberty Liberty   28/11/2025   32 ASH 103300 28/11/2025 28/11/2025 Libros  
    Clasificación Decimal Dewey     Liberty Liberty   28/11/2025   32 ASH 103301 28/11/2025 28/11/2025 Libros  
    Clasificación Decimal Dewey   No para préstamo Liberty Liberty   28/11/2025   32 ASH 115241 28/11/2025 28/11/2025 Libros Acceso restringido